Henry IV, part one / (Record no. 2187)

MARC details
000 -LEADER
fixed length control field 00941cam a2200241 4500
001 - CONTROL NUMBER
control field 2728
005 - DATE AND TIME OF LATEST TRANSACTION
control field 20181127165610.0
008 - FIXED-LENGTH DATA ELEMENTS--GENERAL INFORMATION
fixed length control field 951012s1996 nyu b 001 0 eng
010 ## - LIBRARY OF CONGRESS CONTROL NUMBER
LC control number 95043499
020 ## - INTERNATIONAL STANDARD BOOK NUMBER
International Standard Book Number 0791040607
International Standard Book Number 0791040895 (pbk.)
100 ## - MAIN ENTRY--PERSONAL NAME
Personal name Shakespeare, William,
Numeration
Titles and words associated with a name
Dates associated with a name 1564-1616.
Relator term
Fuller form of name
245 00 - TITLE STATEMENT
Title Henry IV, part one /
Statement of responsibility, etc. William Shakespeare.
246 ## - VARYING FORM OF TITLE
Title proper/short title Henry IV, part 1
Remainder of title
Date or sequential designation
Medium
Display text
Number of part/section of a work
Name of part/section of a work
260 ## - PUBLICATION, DISTRIBUTION, ETC.
Place of publication, distribution, etc. New York :
Name of publisher, distributor, etc. Signet Classics,
Date of publication, distribution, etc. n.d.
300 ## - PHYSICAL DESCRIPTION
Extent vii, : 268 ;
Dimensions 18 cm.
500 ## - GENERAL NOTE
General note Electronic copy available on RTC Cloud in "Library" folder.
600 00 - SUBJECT ADDED ENTRY--PERSONAL NAME
Personal name Henry
Numeration IV,
Titles and other words associated with a name King of England,
Dates associated with a name 1367-1413
General subdivision In literature.
Personal name Shakespeare, William,
Dates associated with a name 1564-1616.
Title of a work King Henry IV.
Number of part/section of a work Part 1.
Personal name Shakespeare, William,
Dates associated with a name 1564-1616.
Title of a work King Henry IV.
Number of part/section of a work Part 1.
650 #1 - SUBJECT ADDED ENTRY--TOPICAL TERM
Topical term or geographic name entry element English literature
General subdivision History and criticism.
856 ## - ELECTRONIC LOCATION AND ACCESS
Host name
Uniform Resource Identifier <a href="http://shakespeare.mit.edu/1henryiv/index.html">http://shakespeare.mit.edu/1henryiv/index.html</a>
Link text Henry IV, part one
Public note
Materials specified
Holdings
Withdrawn status Lost status Source of classification or shelving scheme Damaged status Not for loan Collection code Home library Current library Shelving location Serial Enumeration / chronology Inventory number Total Checkouts Full call number Barcode Date last seen Price effective from Koha item type
    Dewey Decimal Classification     Main TEST RTC Library RTC Library Main opac 1534   822.33 SHA 30000084 27/11/2018 27/11/2018 Main
Royal Thimphu College || All Right Reserved